[Event "Wch U10 Girls"]
[Site "Montesilvano"]
[Date "2024.11.26"]
[Round "11"]
[White "Stoica, Melina Theodora"]
[Black "Khelfallah, Ikhlas"]
[Result "1/2-1/2"]
[WhiteElo "1675"]
[BlackElo "1449"]
[PlyCount "114"]
[EventDate "2024.11.15"]
[EventType "swiss"]
[EventRounds "11"]
[EventCountry "ITA"]
[SourceTitle "CB48_2024"]
[SourceDate "2024.11.28"]
[SourceVersion "1"]
[SourceVersionDate "2024.11.28"]
[SourceQuality "1"]

1. d4 Nf6 2. Nf3 g6 3. c4 Bg7 4. Nc3 0-0 5. e4 d6 6. Be2 e5 7. d5 a5 8. Be3 Na6 9. h3 Nc5 10. Bxc5 dxc5 11. 0-0 Re8 12. Qc2 Nh5 13. Rfd1 Nf4 14. Nb5 Bd7 15. a4 Bxb5 16. axb5 b6 17. Ra3 Qf6 18. Ne1 Bh6 19. Nd3 Qg5 20. Nxf4 exf4 21. Bf3 Rad8 22. Rad3 Qe5 23. Qd2 Rd6 24. Qc3 Bg7 25. Qxe5 Bxe5 26. b3 Ra8 27. R3d2 Re8 28. Ra2 Kg7 29. Re2 h5 30. Ra2 Kh6 31. Be2 Rh8 32. f3 g5 33. Kf2 Rg6 34. Rh1 Rf8 35. Bd3 Kg7 36. Be2 Bd4+ 37. Ke1 f5 38. Bd3 fxe4 39. Bxe4 Re8 40. Kd1 Rf6 41. Re2 Rd8 42. Kc2 Rfd6 43. Rd1 Ra8 44. Kd3 a4 45. Ra2 a3 46. Rdd2 Kf6 47. Re2 Ra5 48. Rec2 Bb2 49. Re2 Rd7 50. Kc2 Re7 51. Re1 g4 52. hxg4 hxg4 53. Re2 gxf3 54. gxf3 Ra8 55. Rg2 Rg7 56. Rxg7 Kxg7 57. d6 Rd8 1/2-1/2

[Event "Wch U10 Girls"]
[Site "Montesilvano"]
[Date "2024.11.22"]
[Round "7"]
[White "Trzcinska, Weronika"]
[Black "Stoica, Melina Theodora"]
[Result "1-0"]
[WhiteElo "1653"]
[BlackElo "1675"]
[PlyCount "120"]
[EventDate "2024.11.15"]
[EventType "swiss"]
[EventRounds "11"]
[EventCountry "ITA"]
[SourceTitle "CB48_2024"]
[SourceDate "2024.11.28"]
[SourceVersion "1"]
[SourceVersionDate "2024.11.28"]
[SourceQuality "1"]

1. e4 c6 2. Nf3 d5 3. exd5 cxd5 4. d4 Nf6 5. Bb5+ Bd7 6. Bxd7+ Nbxd7 7. 0-0 e6 8. c3 Bd6 9. Nbd2 0-0 10. Nb3 Qc7 11. h3 Ne4 12. Ng5 Ndf6 13. Nxe4 Nxe4 14. Nd2 f5 15. Nxe4 fxe4 16. f3 Bh2+ 17. Kh1 Qg3 18. Be3 exf3 19. Rxf3 Rxf3 20. Qxf3 Qxf3 21. gxf3 Bd6 22. Re1 Rf8 23. Kg2 Rf6 24. Kf2 Rg6 25. Rg1 Rxg1 26. Kxg1 Kf7 27. Kg2 Kg6 28. b3 b5 29. Kf2 Kf5 30. Ke2 Bf4 31. Bf2 Bd6 32. Be3 a6 33. Kd3 Bf4 34. Bf2 Bd6 35. Be3 Kg6 36. c4 Kh5 37. c5 Bc7 38. Bf2 Kg5 39. Ke3 Kf5 40. Ke2 Kf4 41. Bh4 g5 42. Be1 h6 43. Kf2 e5 44. Kg2 Ke3 45. Bf2+ Kd3 46. dxe5 Bxe5 47. c6 Bc7 48. Bg3 Bb6 49. c7 Bxc7 50. Bxc7 d4 51. Be5 Ke3 52. Bg7 d3 53. Bxh6 Kf4 54. Kf2 d2 55. Ke2 d1Q+ 56. Kxd1 Kxf3 57. Bxg5 Kg3 58. h4 Kg4 59. Kd2 Kh5 60. Kd3 Kg4 1-0

[Event "Wch U10 Girls"]
[Site "Montesilvano"]
[Date "2024.11.20"]
[Round "6"]
[White "Stoica, Melina Theodora"]
[Black "Milojevic, Dunja"]
[Result "1-0"]
[WhiteElo "1675"]
[BlackElo "1610"]
[PlyCount "123"]
[EventDate "2024.11.15"]
[EventType "swiss"]
[EventRounds "11"]
[EventCountry "ITA"]
[SourceTitle "CB48_2024"]
[SourceDate "2024.11.28"]
[SourceVersion "1"]
[SourceVersionDate "2024.11.28"]
[SourceQuality "1"]

1. d4 Nf6 2. Nf3 e6 3. c4 Bb4+ 4. Nbd2 b6 5. g3 Bb7 6. Bg2 0-0 7. 0-0 c5 8. e3 Bxd2 9. Bxd2 d6 10. Bc3 Nbd7 11. b3 Ne4 12. Bb2 Qc7 13. Qc2 Rac8 14. Rfd1 Ndf6 15. Nd2 Nxf2 16. Bxb7 Qxb7 17. Kxf2 Ng4+ 18. Ke2 Qg2+ 19. Kd3 cxd4 20. Bxd4 d5 21. Rg1 dxc4+ 22. Nxc4 Qd5 23. Qg2 Qb5 24. h3 Nh6 25. g4 Rfd8 26. Ke2 Qb4 27. Kf3 b5 28. Qd2 Qe7 29. g5 Nf5 30. Ne5 Qc7 31. Rac1 Qb7+ 32. Kf2 Nd6 33. Ke2 Ne4 34. Qb2 Rxc1 35. Qxc1 Nd6 36. Qc6 Qb8 37. Nd7 Qb7 38. Qxb7 Nxb7 39. Nc5 Nd6 40. Rc1 Nf5 41. Nb7 Nxd4+ 42. exd4 Rb8 43. Rc7 g6 44. Nd6 a6 45. Nxf7 Rf8 46. Nd6 Rf4 47. Rc8+ Kg7 48. Rc7+ Kg8 49. Ne8 Rxd4 50. Nf6+ Kf8 51. Nxh7+ Ke8 52. Nf6+ Kd8 53. Rg7 Rh4 54. Rxg6 Rxh3 55. Rh6 Rg3 56. g6 Ke7 57. Ne4 Rg1 58. Rh7+ Kf8 59. Rf7+ Ke8 60. Nf6+ Kd8 61. g7 Rg2+ 62. Kf3 1-0

[Event "EU-ch U10 Girls"]
[Site "Prague"]
[Date "2024.08.28"]
[Round "6"]
[White "Anistoroaei, Maria"]
[Black "Stoica, Melina Theodora"]
[Result "1-0"]
[WhiteElo "1627"]
[BlackElo "1576"]
[PlyCount "81"]
[EventDate "2024.08.22"]
[EventType "swiss"]
[EventRounds "9"]
[EventCountry "CZE"]
[SourceTitle "CBM 221 Extra"]
[Source "ChessBase"]
[SourceDate "2024.09.30"]
[SourceVersion "1"]
[SourceVersionDate "2024.09.30"]
[SourceQuality "1"]

1. c4 e6 2. g3 Nf6 3. Bg2 Be7 4. Nf3 0-0 5. 0-0 d5 6. Qc2 c5 7. d4 cxd4 8. cxd5 Nxd5 9. Nxd4 Qb6 10. Qc4 Bf6 11. Nb3 Bd7 12. Re1 Rc8 13. Qg4 e5 14. Qh5 Bc6 15. Be4 g6 16. Qf3 Nb4 17. Qxf6 Bxe4 18. Qxe5 Nc2 19. Bh6 f6 20. Qe7 Qc7 21. Qe6+ Kh8 22. Qxf6+ Kg8 23. Qe6+ Kh8 24. Qxe4 Nxe1 25. Nc3 Nc6 26. Rxe1 Re8 27. Qf3 Qe7 28. Nd5 Qd6 29. Qf7 Rg8 30. Nf6 Qe7 31. Qxe7 Nxe7 32. Nxg8 Rxg8 33. Bg5 Re8 34. Bxe7 Rxe7 35. e3 Rc7 36. Rc1 Rxc1+ 37. Nxc1 Kg7 38. Kg2 Kf6 39. Kf3 b6 40. Ke4 Ke6 41. Ne2 1-0